000 01069nam a22002297a 4500
005 20250530110222.0
008 250530b |||||||| |||| 00| 0 eng d
020 _a978-1-7772523-3-5 (hbk)
037 _cTB
040 _aCRL
_cCRL
041 _2pun
_apun
084 _aQ8441 153R4
_qCRL
245 _aਖਾਲਸਾ ਪੰਥ ਦੇ ਪਰਚਮ ਦੇ ਇਕ ਪੰਨਾ..
_b: ਮੋਰਚਾ ਰੰਮਨਚ ਜੈਤੋ
260 _aਕੈਨੇਡਾ, ਕੈਨੇਡਾ:
_bਗੁਰੂ ਨਾਨਕ ਇੰਸਟੀਟਯੂਟ ਔਫ ਗੱਲੋਂਬਲ ਸਟਡੀਸ,
_c2024.
300 _a458p.
365 _b299
_cINR
650 _2ਸਿੱਖ ਧਰਮ
700 _aਪਣਵਾਂ, ਰਣਜੀਤ ਕੌਰ
_eਸਮਪਾਦਕ
_9811117
700 _aਪਣਵਾਂ, ਸੁਖਬੀਰ ਸਿੰਘ
_eਸਮਪਾਦਕ
_9811118
942 _2CC
_cTB
_hQ8441 153R4
_n0
999 _c1431230
_d1431230